| 000 | 00362nam a2200145Ia 4500 | ||
|---|---|---|---|
| 008 | 151213s9999 xx 000 0 und d | ||
| 100 | _aF. Cox Fort | ||
| 245 |
_aDO. Course -2, Part - A _cF. Cox Fort |
||
| 260 |
_aNew Yeork _bMc Graw Hill _c1998 |
||
| 300 | _a2009 p. | ||
| 650 | _aMathematics | ||
| 650 | _aMathematics | ||
| 700 | _aF. Cox Fort | ||
| 999 |
_c1470 _d1470 |
||